Catálogo público

Apuntes de tecnología de semillas (Record no. 69118)

MARC details
000 -CABECERA
campo de control de longitud fija 01327nam a22003497a 4500
003 - IDENTIFICADOR DEL NÚMERO DE CONTROL
campo de control CHAP
005 - FECHA Y HORA DE LA ÚLTIMA TRANSACCIÓN
campo de control 20220329141510.0
008 - DATOS DE LONGITUD FIJA--INFORMACIÓN GENERAL
campo de control de longitud fija 971013s1987 r 00010 d
010 ## - NÚMERO DE CONTROL DE LA BIBLIOTECA DEL CONGRESO
Número de control de LC 69118
011 ## - ENLACE DEL NUMERO DE CONTROL DE LA BIBLIOTECA DEL CONGRESO [OBSOLETO]
Número de control de LC 70090
035 ## - NÚMERO DE CONTROL DEL SISTEMA
Número de control de sistema 79570
040 ## - FUENTE DE LA CATALOGACIÓN
Centro/agencia transcriptor CHAP
082 ## - NÚMERO DE LA CLASIFICACIÓN DECIMAL DEWEY
Número de clasificación 631.521
Número de documento/Ítem F42
100 00 - ENTRADA PRINCIPAL--NOMBRE DE PERSONA
Nombre de persona Facio Parra, Federico.
9 (RLIN) 39295
245 ## - MENCIÓN DE TÍTULO
Título Apuntes de tecnología de semillas
260 ## - PUBLICACIÓN, DISTRIBUCIÓN, ETC.
Lugar de publicación, distribución, etc. Saltillo, Coah. :
Nombre del editor, distribuidor, etc. Universidad Autónoma Agraria Antonio Narro,
Fecha de publicación, distribución, etc. [1987]
300 ## - DESCRIPCIÓN FÍSICA
Extensión 87 p.
Otras características físicas : ilus.
500 ## - NOTA GENERAL
Nota general 33-20
590 ## - NOTA LOCAL (RLIN)
Nota local BATCH-UPD
Procedencia (VM) [OBSOLETO] 10
Condición del los carretes individuales (VM) [OBSOLETO] 20130110
-- UCH01
-- 0712
590 ## - NOTA LOCAL (RLIN)
Nota local BATCH-UPD
Procedencia (VM) [OBSOLETO] 10
Condición del los carretes individuales (VM) [OBSOLETO] 20130410
-- UCH01
-- 0358
590 ## - NOTA LOCAL (RLIN)
Nota local BATCH-UPD
Procedencia (VM) [OBSOLETO] 10
Condición del los carretes individuales (VM) [OBSOLETO] 20130914
-- UCH01
-- 1340
590 ## - NOTA LOCAL (RLIN)
Nota local CONVERSION
Procedencia (VM) [OBSOLETO] 10
Condición del los carretes individuales (VM) [OBSOLETO] 20130109
-- UCH01
-- 1338
650 14 - PUNTO DE ACCESO ADICIONAL DE MATERIA--TÉRMINO DE MATERIA
Término de materia o nombre geográfico como elemento de entrada Semillas
Subdivisión general Industria.
9 (RLIN) 103905
650 14 - PUNTO DE ACCESO ADICIONAL DE MATERIA--TÉRMINO DE MATERIA
Término de materia o nombre geográfico como elemento de entrada Semillas
Subdivisión general Selección.
9 (RLIN) 103931
710 0# - PUNTO DE ACCESO ADICIONAL--NOMBRE DE ENTIDAD CORPORATIVA
Nombre de entidad corporativa o nombre de jurisdicción como elemento de entrada Universidad Autónoma Agraria Antonio Narro. Saltillo, Coah.
9 (RLIN) 116288
901 ## - ELEMENTOS DE DATOS A LOCAL LDA (RLIN)
a BK
942 ## - ELEMENTOS DE PUNTO DE ACCESO ADICIONAL (KOHA)
Tipo de ítem Koha Libro
949 ## - PROCESAMIENTO DE INFORMACIÓN LOCAL (OCLC)
a 631.521 F42
b BC
c LIBRO
d 33724000087169
e LIBRO
f c.2
g I. c/e
h 76079
i 79570
s i
t 10.00
949 ## - PROCESAMIENTO DE INFORMACIÓN LOCAL (OCLC)
a 631.521 F42
b BC
c LIBRO
d 33724000919650
e LIBRO
f c.4
g I.c/e
h 80262
i 79570
s i
t 10.00
949 ## - PROCESAMIENTO DE INFORMACIÓN LOCAL (OCLC)
a 631.521 F42
b BC
c LIBRO
d 33724000936142
e LIBRO
g I. c/e
h 76078
i 79570
s i
t 10.00
949 ## - PROCESAMIENTO DE INFORMACIÓN LOCAL (OCLC)
a 631.521 F42
b BC
c LIBRO
d 33724002206264
e LIBRO
f c.3
g I.c/e
h 80261
i 79570
s i
t 10.00
Holdings
Estado de retiro Estado de pérdida Fuente del sistema de clasificación o colocación Estado dañado Restricciones de uso No para préstamo Código de colección Localización permanente Ubicación/localización actual Ubicación en estantería Fecha de adquisición Fuente de adquisición Información codificada de la localización en otra ubicación Total de préstamos Signatura topográfica completa Código de barras Fecha visto por última vez Número de copia Precio válido a partir de Tipo de ítem Koha Fecha del último préstamo
    Dewey Decimal Classification   Préstamo 15 días   General Biblioteca Central Biblioteca Central Planta principal - Colección General 31/12/2019 I. c/e LIBRO   631.521 F42 33724000087169 31/12/2019 c.2 31/12/2019 Libro  
    Dewey Decimal Classification   Préstamo 15 días   General Biblioteca Central Biblioteca Central Planta principal - Colección General 31/12/2019 I. c/e LIBRO   631.521 F42 33724000936142 31/12/2019   31/12/2019 Libro  
    Dewey Decimal Classification   Préstamo 15 días   General Biblioteca Central Biblioteca Central Planta principal - Colección General 31/12/2019 I.c/e LIBRO 1 631.521 F42 33724000919650 15/04/2024 c.4 31/12/2019 Libro 03/04/2024
    Dewey Decimal Classification   Préstamo 15 días   General Biblioteca Central Biblioteca Central Planta principal - Colección General 31/12/2019 I.c/e LIBRO   631.521 F42 33724002206264 31/12/2019 c.3 31/12/2019 Libro